<?xml version="1.0" encoding="UTF-8"?>
<record
    xmlns:xsi="http://www.w3.org/2001/XMLSchema-instance"
    xsi:schemaLocation="http://www.loc.gov/MARC21/slim http://www.loc.gov/standards/marcxml/schema/MARC21slim.xsd"
    xmlns="http://www.loc.gov/MARC21/slim">

  <leader>01173cam a2200325 a 4500</leader>
  <controlfield tag="001">12687528</controlfield>
  <controlfield tag="003">OSt</controlfield>
  <controlfield tag="005">20150408114125.0</controlfield>
  <controlfield tag="008">020226s2003    njua     b    001 0 eng  </controlfield>
  <datafield tag="010" ind1=" " ind2=" ">
    <subfield code="a">  2002025120</subfield>
  </datafield>
  <datafield tag="020" ind1=" " ind2=" ">
    <subfield code="a">0130479136</subfield>
  </datafield>
  <datafield tag="035" ind1=" " ind2=" ">
    <subfield code="a">(DLC)  2002025120</subfield>
  </datafield>
  <datafield tag="035" ind1=" " ind2=" ">
    <subfield code="a">(DLC)3509</subfield>
  </datafield>
  <datafield tag="040" ind1=" " ind2=" ">
    <subfield code="a">Ma-un</subfield>
    <subfield code="c">DLC</subfield>
    <subfield code="d">DLC</subfield>
  </datafield>
  <datafield tag="050" ind1="0" ind2="0">
    <subfield code="a">HD30.28</subfield>
    <subfield code="b">.Q53 2003</subfield>
  </datafield>
  <datafield tag="082" ind1="0" ind2="0">
    <subfield code="a">S P S 658.4</subfield>
    <subfield code="2">21</subfield>
  </datafield>
  <datafield tag="245" ind1="0" ind2="4">
    <subfield code="a">The strategy process :</subfield>
    <subfield code="b">concepts, contexts, cases /</subfield>
    <subfield code="c">Henry Mintzberg ... [et al.].</subfield>
  </datafield>
  <datafield tag="250" ind1=" " ind2=" ">
    <subfield code="a">4th ed.</subfield>
  </datafield>
  <datafield tag="260" ind1=" " ind2=" ">
    <subfield code="a">Upper Saddle River, NJ :</subfield>
    <subfield code="b">Prentice Hall,</subfield>
    <subfield code="c">c2003.</subfield>
  </datafield>
  <datafield tag="300" ind1=" " ind2=" ">
    <subfield code="a">xvi, 489 p. :</subfield>
    <subfield code="b">ill. ;</subfield>
    <subfield code="c">26 cm.</subfield>
  </datafield>
  <datafield tag="500" ind1=" " ind2=" ">
    <subfield code="a">Rev. ed. of: The strategy process / Henry Mintzberg, James Brian Quinn. 3rd ed. c1996.</subfield>
  </datafield>
  <datafield tag="504" ind1=" " ind2=" ">
    <subfield code="a">Includes bibliographical references and index.</subfield>
  </datafield>
  <datafield tag="650" ind1=" " ind2="0">
    <subfield code="a">Strategic planning.</subfield>
  </datafield>
  <datafield tag="650" ind1=" " ind2="0">
    <subfield code="a">Strategic planning</subfield>
    <subfield code="v">Case studies.</subfield>
  </datafield>
  <datafield tag="700" ind1="1" ind2=" ">
    <subfield code="a">Mintzberg, Henry.</subfield>
    <subfield code="9">34140</subfield>
  </datafield>
  <datafield tag="700" ind1="1" ind2=" ">
    <subfield code="a">Mintzberg, Henry.</subfield>
    <subfield code="t">Strategy process.</subfield>
    <subfield code="9">34141</subfield>
  </datafield>
  <datafield tag="906" ind1=" " ind2=" ">
    <subfield code="a">7</subfield>
    <subfield code="b">cbc</subfield>
    <subfield code="c">orignew</subfield>
    <subfield code="d">1</subfield>
    <subfield code="e">ocip</subfield>
    <subfield code="f">20</subfield>
    <subfield code="g">y-gencatlg</subfield>
  </datafield>
  <datafield tag="942" ind1=" " ind2=" ">
    <subfield code="2">ddc</subfield>
    <subfield code="c">BOOK</subfield>
  </datafield>
  <datafield tag="999" ind1=" " ind2=" ">
    <subfield code="c">28915</subfield>
    <subfield code="d">263415</subfield>
  </datafield>
  <datafield tag="952" ind1=" " ind2=" ">
    <subfield code="1">0</subfield>
    <subfield code="2">2013-03-13</subfield>
    <subfield code="4">0</subfield>
    <subfield code="7">1</subfield>
    <subfield code="a">S P S 658.4</subfield>
    <subfield code="c">1</subfield>
    <subfield code="d">2013-03-13</subfield>
    <subfield code="h">CL</subfield>
    <subfield code="i">00304664</subfield>
    <subfield code="m">CL</subfield>
    <subfield code="r">2013-03-13 00:00:00</subfield>
    <subfield code="t">BOOK</subfield>
    <subfield code="w">ddc</subfield>
    <subfield code="y">0</subfield>
  </datafield>
  <datafield tag="952" ind1=" " ind2=" ">
    <subfield code="1">0</subfield>
    <subfield code="2">2013-03-13</subfield>
    <subfield code="4">0</subfield>
    <subfield code="7">0</subfield>
    <subfield code="a">S P S 658.4</subfield>
    <subfield code="c">2</subfield>
    <subfield code="d">2013-03-13</subfield>
    <subfield code="h">CL</subfield>
    <subfield code="i">00304665</subfield>
    <subfield code="m">CL</subfield>
    <subfield code="r">2013-03-13 00:00:00</subfield>
    <subfield code="t">BOOK</subfield>
    <subfield code="w">ddc</subfield>
    <subfield code="y">0</subfield>
  </datafield>
  <datafield tag="952" ind1=" " ind2=" ">
    <subfield code="1">0</subfield>
    <subfield code="2">2013-03-13</subfield>
    <subfield code="4">0</subfield>
    <subfield code="7">0</subfield>
    <subfield code="a">S P S 658.4</subfield>
    <subfield code="c">3</subfield>
    <subfield code="d">2013-03-13</subfield>
    <subfield code="h">CL</subfield>
    <subfield code="i">00304666</subfield>
    <subfield code="m">CL</subfield>
    <subfield code="r">2013-03-13 00:00:00</subfield>
    <subfield code="t">BOOK</subfield>
    <subfield code="w">ddc</subfield>
    <subfield code="y">0</subfield>
  </datafield>
  <datafield tag="952" ind1=" " ind2=" ">
    <subfield code="1">0</subfield>
    <subfield code="2">2013-03-13</subfield>
    <subfield code="4">0</subfield>
    <subfield code="7">1</subfield>
    <subfield code="a">S P S 658.4</subfield>
    <subfield code="c">1</subfield>
    <subfield code="d">2013-03-13</subfield>
    <subfield code="h">SRM</subfield>
    <subfield code="i">00304667</subfield>
    <subfield code="m">SRM</subfield>
    <subfield code="r">2013-03-13 00:00:00</subfield>
    <subfield code="t">BOOK</subfield>
    <subfield code="w">ddc</subfield>
    <subfield code="y">0</subfield>
  </datafield>
  <datafield tag="952" ind1=" " ind2=" ">
    <subfield code="1">0</subfield>
    <subfield code="2">2013-03-13</subfield>
    <subfield code="4">0</subfield>
    <subfield code="7">0</subfield>
    <subfield code="a">S P S 658.4</subfield>
    <subfield code="c">2</subfield>
    <subfield code="d">2013-03-13</subfield>
    <subfield code="h">SRM</subfield>
    <subfield code="i">00304668</subfield>
    <subfield code="m">SRM</subfield>
    <subfield code="r">2013-03-13 00:00:00</subfield>
    <subfield code="t">BOOK</subfield>
    <subfield code="w">ddc</subfield>
    <subfield code="y">0</subfield>
  </datafield>
  <datafield tag="952" ind1=" " ind2=" ">
    <subfield code="1">0</subfield>
    <subfield code="2">2013-03-13</subfield>
    <subfield code="4">0</subfield>
    <subfield code="7">1</subfield>
    <subfield code="a">S P S 658.4</subfield>
    <subfield code="c">1</subfield>
    <subfield code="d">2013-03-13</subfield>
    <subfield code="h">AMF</subfield>
    <subfield code="i">00304669</subfield>
    <subfield code="m">AMF</subfield>
    <subfield code="r">2013-03-13 00:00:00</subfield>
    <subfield code="t">BOOK</subfield>
    <subfield code="w">ddc</subfield>
    <subfield code="y">0</subfield>
  </datafield>
  <datafield tag="952" ind1=" " ind2=" ">
    <subfield code="1">0</subfield>
    <subfield code="2">2013-03-13</subfield>
    <subfield code="4">0</subfield>
    <subfield code="7">0</subfield>
    <subfield code="a">S P S 658.4</subfield>
    <subfield code="c">2</subfield>
    <subfield code="d">2013-03-13</subfield>
    <subfield code="h">AMF</subfield>
    <subfield code="i">00304670</subfield>
    <subfield code="m">AMF</subfield>
    <subfield code="r">2013-03-13 00:00:00</subfield>
    <subfield code="t">BOOK</subfield>
    <subfield code="w">ddc</subfield>
    <subfield code="y">0</subfield>
  </datafield>
  <datafield tag="952" ind1=" " ind2=" ">
    <subfield code="1">0</subfield>
    <subfield code="2">2013-03-13</subfield>
    <subfield code="4">0</subfield>
    <subfield code="7">0</subfield>
    <subfield code="a">S P S 658.4</subfield>
    <subfield code="c">3</subfield>
    <subfield code="d">2013-03-13</subfield>
    <subfield code="h">AMF</subfield>
    <subfield code="i">00304671</subfield>
    <subfield code="m">AMF</subfield>
    <subfield code="r">2013-03-13 00:00:00</subfield>
    <subfield code="t">BOOK</subfield>
    <subfield code="w">ddc</subfield>
    <subfield code="y">0</subfield>
  </datafield>
  <datafield tag="952" ind1=" " ind2=" ">
    <subfield code="1">0</subfield>
    <subfield code="2">2013-03-13</subfield>
    <subfield code="4">0</subfield>
    <subfield code="7">0</subfield>
    <subfield code="a">S P S 658.4</subfield>
    <subfield code="c">4</subfield>
    <subfield code="d">2013-03-13</subfield>
    <subfield code="h">AMF</subfield>
    <subfield code="i">00304672</subfield>
    <subfield code="m">AMF</subfield>
    <subfield code="r">2013-03-13 00:00:00</subfield>
    <subfield code="t">BOOK</subfield>
    <subfield code="w">ddc</subfield>
    <subfield code="y">0</subfield>
  </datafield>
</record>
